000
003270000a22001450004500
003
MACL
040
_a
MACL
090
_c
32907
_d
32905
100
_a
Redfield, James
245
_a
The Celestine Prophecy An Experiental Guide
260
_b
Bantam Books
_c
1995
350
_a
99
650
_a
Generalities
942
_c
BOOK
_k
001/RED
999
_c
32570
_d
32570